Bundesländer nach Bevölkerungsdichte - Statistiken

Allgemein
  • Dieses Quiz wurde 43 mal gespielt
  • Das Durchschnittsergebnis liegt bei 5 aus 6
Antwortstatistiken
EW je qkm Bundesland % Korrekt
4214 Berlin
100%
2506 Hamburg
97%
1632 Bremen
95%
532 Nordrhein-Westfalen
95%
386 Saarland
82%
316 Baden-Württemberg
79%
Keine übereinstimmenden Quizze gefunden
Verteilung der Resultate
Anzahl Personen mit jedem Resultat
Perzentil nach korrekt beantworteten Fragen
Ihre Resultats-Entwicklung
Sie haben dieses Quiz noch nicht gespielt